Statistics for Every city in Jujuy, Argentina

Click here to take the quiz!

General Stats

  • This quiz has been taken 46 times
  • The average score is 50 of 150

Answer Stats

CityPopulation% Correct
Abra Pampa8,705
100%
Calilegua5,997
100%
Cochinoca67
100%
Coranzulí333
100%
El Carmen13,623
100%
El Fuerte512
100%
Huacalera712
100%
Humahuaca10,256
100%
Jama67
100%
La Quiaca16,874
100%
Libertad138
100%
Libertador General San Martín46,642
100%
Palma Sola3,791
100%
Palpalá50,183
100%
Pampichuela130
100%
Perico44,750
100%
Purmamarca891
100%
Rinconada351
100%
San Antonio1,430 | 325
100%
San Pedro de Jujuy59,131
100%
San Salvador de Jujuy257,97
100%
Santa Ana416
100%
Santa Catalina305
100%
Susques1,611
100%
Tilcara4,691
100%
Tumbaya428
100%
Valle Colorado146
100%
Valle Grande538
100%
Volcán1,121
100%
Yala1,953
100%
Yavi378
100%
Yuto6,301
100%
Abdón Castro Tolay279
50%
Caimancito5,336
50%
Cangrejillos181
50%
Casabindo118
50%
Casira176
50%
Caspalá225
50%
Chalicán1,062
50%
Cusi Cusi243
50%
El Aguilar2,264
50%
El Angosto25
50%
El Cóndor146
50%
El Piquete2,521
50%
Fraile Pintado13,300
50%
Hipólito Yrigoyen456
50%
Huáncar133
50%
Juella200
50%
La Intermedia178
50%
Maimará3,353
50%
Monterrico11,591
50%
Ocloyas70
50%
Puesto del Marquéz255
50%
Puesto Sey94
50%
Quebraleña53
50%
Rinconadillas189
50%
San Francisco504
50%
Santa Ana de la Puna41
50%
Santa Clara4,298
50%
Santuario de Tres Pozos152
50%
Tres Cruces376
50%
Tusaquillas134
50%
Uquía508
50%
Vinalito757
50%
Yavi Chico33
50%
Abralaite56
0%
Agua de Castilla96
0%
Aguas Calientes2,563
0%
Aparzo52
0%
Arrayanal855
0%
Arroyo Colorado378
0%
Bananal689
0%
Bárcena139
0%
Barrio El Milagro1,321
0%
Barrio La Unión700
0%
Barrios187
0%
Bermejito145
0%
Carahunco162
0%
Casa Colorada59
0%
Catua427
0%
Centro Forestal402
0%
Cianzo76
0%
Ciénega de Paicone278
0%
Cieneguillas286
0%
Coctaca141
0%
Colonia San José274
0%
Coyaguaima83
0%
Don Emilio446
0%
El Acheral246
0%
El Ceibal176
0%
El Moreno154
0%
El Puesto1,166
0%
El Quemado35
0%
El Talar2,901
0%
El Toro121
0%
Guerrero518
0%
La Almona42
0%
La Ciénega95
0%
La Esperanza2,164
0%
Lagunillas de Farallón264
0%
La Manga190
0%
La Mendieta3,635
0%
La Redonda45
0%
León630
0%
Liviara46
0%
Llulluchayoc91
0%
Loma Blanca134
0%
Los Alisos61
0%
Los Lapachos864
0%
Loteo Navea930
0%
Loteo San Vicente211
0%
Lozano1,388
0%
Manantiales326
0%
Mina Providencia30
0%
Miraflores183
0%
Misarrumi36
0%
Nuestra Señora del Rosario40
0%
Nuevo Pirquitas672
0%
Olacapato45
0%
Olaroz Chico226
0%
Oratorio96
0%
Orosmayo82
0%
Paicone64
0%
Palca de Aparzo144
0%
Palca de Varas103
0%
Palos Blancos81
0%
Pampa Blanca2,720
0%
Parapetí874
0%
Pastos Chicos104
0%
Paulina429
0%
Piedritas181
0%
Puente Lavayén213
0%
Puerta de Colorados28
0%
Puesto Viejo1,372
0%
Pumahuasi233
0%
Quera34
0%
Rodeíto1,879
0%
Rodero30
0%
Rosario de Río Grande591
0%
San Francisco de Alfarcito169
0%
San Isidro93
0%
San Juancito45
0%
San Juan de Oros27
0%
San Juan de Quillaqués72
0%
San Lucas326
0%
Sauzal416
0%
Tambillos122
0%
Tesorero82
0%
Yoscaba34
0%

Score Distribution

Percentile by Number Answered

Percent of People with Each Score

Your Score History

You have not taken this quiz